[Event "La Pampa Pico Cup"]
[Site "La Pampa"]
[Date "2021.12.05"]
[Round "5"]
[White "Merlo, Juan Bernardo"]
[Black "Lesnaberes, Dario"]
[Result "1-0"]
[WhiteElo "1710"]
[BlackElo "1817"]
[PlyCount "53"]
[EventDate "2021.12.03"]
[EventType "swiss"]
[EventRounds "6"]
[EventCountry "ARG"]
[SourceTitle "CBM 205 Extra"]
[Source "ChessBase"]
[SourceDate "2022.01.31"]
[SourceVersion "1"]
[SourceVersionDate "2022.01.31"]
[SourceQuality "1"]

1. d4 d5 2. e3 Bf5 3. Bd3 Bg6 4. f4 e6 5. Nf3 Bd6 6. 0-0 Nf6 7. Ne5 Bxd3 8. Qxd3 c6 9. Nd2 Nbd7 10. c3 0-0 11. Rf3 Bxe5 12. fxe5 Ng4 13. Rg3 f5 14. exf6 Qxf6 15. Qe2 h5 16. Nf3 Qf5 17. h3 Ngf6 18. Rg5 Qe4 19. Ne1 Nh7 20. Rg3 Qh4 21. Kh2 Ng5 22. Nf3 Nxf3+ 23. gxf3 e5 24. Bd2 e4 25. f4 Rf5 26. Rag1 Qf6 27. Qg2 1-0

[Event "La Pampa Pico Cup"]
[Site "La Pampa"]
[Date "2021.12.04"]
[Round "4"]
[White "Merlo, Juan Bernardo"]
[Black "Bos, Diego"]
[Result "1-0"]
[WhiteElo "1710"]
[BlackElo "1359"]
[PlyCount "89"]
[EventDate "2021.12.03"]
[EventType "swiss"]
[EventRounds "6"]
[EventCountry "ARG"]
[SourceTitle "CBM 205 Extra"]
[Source "ChessBase"]
[SourceDate "2022.01.31"]
[SourceVersion "1"]
[SourceVersionDate "2022.01.31"]
[SourceQuality "1"]

1. d4 Nf6 2. e3 e6 3. Bd3 b6 4. f4 Bb7 5. Nf3 c5 6. 0-0 cxd4 7. exd4 Be7 8. Qe2 d6 9. Nbd2 Nbd7 10. c3 0-0 11. Ng5 Re8 12. Nde4 h6 13. Nxf6+ Nxf6 14. Ne4 Nxe4 15. Bxe4 Bxe4 16. Qxe4 d5 17. Qf3 Bf6 18. Bd2 Qd7 19. Rae1 Qa4 20. a3 Qc2 21. Bc1 a5 22. Re2 Qg6 23. g4 Be7 24. Rg2 Qe4 25. Qxe4 dxe4 26. f5 Bg5 27. Bxg5 hxg5 28. f6 e5 29. d5 a4 30. c4 Rac8 31. Rc2 Red8 32. Rd1 Rd6 33. fxg7 Kxg7 34. Kf2 Rh8 35. Ke3 Rh4 36. Rg2 f5 37. gxf5 Kf6 38. Rdg1 Rh3+ 39. Kxe4 Rh4+ 40. Kd3 e4+ 41. Kc3 Kxf5 42. Rxg5+ Kf4 43. R5g2 Kf3 44. Rg3+ Kf4 45. Rf1+ 1-0